1545 1584 1503 1796 1871 1627 1632 1249 1050 1509 1675 1704 1480 1612 1640 1983 1326 1038 1140 1685 1283 1709 1499 1825 1028 1147 1175 1795 1342 1551 1110 1166 1100 1265 1038 1251 1261 1237 1918 1311 1394 1649 1310 1225 1850 1634 1310 1396 1003 1651 1612 1364 1863 1634 1663 1726 1404 1627 1819 1367 1629 1628 1800 1349 1685 1847 1902 1169 1813 1545 1750 1532 1646 1868 1011 1132 1235 1579 1783 1839 1928 1764 1896 1594 1738 1183 1410 1640 1875 1520 1743 1525 1412 1012 1032 1663 1536 1790 1360 BCNSPRNW ULIB Ver.6.0+V

เปลี่ยนเป็นภาษาไทย

Change to English
 แสดงรายละเอียดบรรณานุกรม
  กลับหน้าหลัก

Brief Record : Get Marc (ISO 2709) : E-mail record : QR code < ปิดหน้าต่าง
LEADER : 00000nam 2200000uu 4500
001    13399111008
003     ULIB
008    110614s||||||||th 000 0 tha d
020    9786117046421
050 04 AE71^bว366ล 2552
100 0  Richard Walker
245 10 โลกพิศวง ของ ร่างกายมนุษย์ /^cโดย Richard Walker , แปล ; ปรียารัตน์ มาอินทร์
250    พิมพ์ครั้งที่ 1
260    กรุงเทพฯ :^bเนชั่น เอ็กมอนท์,^c2552
300    64 หน้า :^bภาพประกอบสี
650  7 ความรู้ทั่วไป
650  7 ร่างกายมนุษย์
700 0  ปรียารัตน์ มาอินทร์,^eแปล
700 0  กฤติกา ชินพันธ์,^eบรรณาธิการ
945    ^p395^l0^i027242
995    ทศพร
999 ^a ใช้งานได้ทุกระบบ
รายการนี้ยังไม่มีแท็ก
คุณยังไม่ได้ล็อกอิน คุณสามารถมีกิจกรรมร่วมกับเว็บไซต์ได้ แต่ต้องล็อกอินก่อน ::
  ล็อกอิน

รายการสื่อสารสนเทศ

ลำดับที่ ประเภท เลขเรียก/บาร์โค้ด สถานที่ สถานะ
- ไม่พบข้อมูล -

รายการใกล้เคียง
    ผู้แต่ง [Richard Walker]

    หัวเรื่อง [ความรู้ทั่วไป]
    หัวเรื่อง [ร่างกายมนุษย์]

BibComment


ยังไม่เคยถูกคอมเมนท์

คอมเมนท์ทรัพยากรรายการนี้
  คอมเมนท์: โลกพิศวง ของ ร่าง..


 Copyright 2026. Bcnsprnw @Library